000
00261nam a2200097Ia 4500
001
1228974
005
20250827093052.0
008
250824s9999 xx 000 0 und d
245
0
_a
ALTIN ARI
_c
TONY ABBOTT
260
_b
ALTIN KİTAPLAR YAYINLARI
999
_c
1228974
_d
1228974